000 00721nam a2200193 i 4500
001 137513
003 ES-MaACL
005 20240318160902.0
007 t|
008 070214s1949 sp f |||| | spa d
100 1 _aSánchez Cantón, Francisco Javier,
_d1891-1971
_9102521
245 1 4 _aLos Caprichos de Goya y sus dibujos preparatorios /
_cestudio prelliminar y notas de Francisco Javier Sánchez Cantón.
260 _aBarcelona :
_bInstituto Amatller de Arte Hispánico,
_c1949.
300 _a105 p., 186 lám. ;
_c30 cm.
600 1 7 _aGoya, Francisco de,
_d1746-1828.
_tLos caprichos
_2
_9150780
710 2 _aInstituto Amatller de Arte Hispánico.
_94792
852 _aES-MaACL
_jD-7038
999 _c137513
_d137513